| 000 | 00000nam 2200000zi 4500 |
| 001 | 9.937105 |
| 003 | CaOODSP |
| 005 | 20240419094642 |
| 006 | m o d f |
| 007 | cr |n||||||||| |
| 008 | 240418s2022 onc o f|0| 0 fre d |
| 040 | |aCaOODSP|bfre|erda|cCaOODSP |
| 043 | |an-cn--- |
| 086 | 1 |aH14-600/2022F-PDF |
| 245 | 00|aEsquisse du plan d'action 2022-2026 pour l'analyse comparative fondée sur le sexe et le genre plus de Santé Canada. |
| 264 | 1|a[Ottawa] : |bSanté Canada, |c[2022] |
| 300 | |a1 ressource en ligne (1 page) |
| 336 | |atexte|btxt|2rdacontent/fre |
| 337 | |ainformatique|bc|2rdamedia/fre |
| 338 | |aressource en ligne|bcr|2rdacarrier/fre |
| 500 | |aPublié aussi en anglais sous le titre : Health Canada's sex- and gender-based analysis plus action plan 2022-2026 placemat. |
| 610 | 16|aCanada. |bSanté Canada|xPlanification. |
| 650 | 6|aAnalyse différenciée selon les sexes|xPolitique gouvernementale|zCanada. |
| 710 | 1 |aCanada. |bSanté Canada, |eorganisme de publication. |
| 775 | 08|tHealth Canada's sex- and gender-based analysis plus action plan 2022-2026 placemat.|w(CaOODSP)9.937104 |
| 856 | 40|qPDF|s318 Ko|uhttps://publications.gc.ca/collections/collection_2024/sc-hc/H14-600-2022-fra.pdf |
| 856 | 41|qHTML|sS.O.|uhttps://www.canada.ca/fr/sante-canada/organisation/transparence/rapports-gestion/plan-d-action-analyse-comparative-fondee-sur-sex-genre-plan-d-action.html |